HTML5 games : creating fun with HTML5, CSS3, and webGL (Record no. 11951)

000 -LEADER
fixed length control field 01515cam a2200433 a 4500
001 - CONTROL NUMBER
control field 9525733
005 - DATE AND TIME OF LATEST TRANSACTION
control field 20170105102351.0
006 - FIXED-LENGTH DATA ELEMENTS--ADDITIONAL MATERIAL CHARACTERISTICS
fixed length control field m o d
007 - PHYSICAL DESCRIPTION FIXED FIELD--GENERAL INFORMATION
fixed length control field cr zn|
008 - FIXED-LENGTH DATA ELEMENTS--GENERAL INFORMATION
fixed length control field 120403s2012 enka sb 001 0 eng d
020 ## - INTERNATIONAL STANDARD BOOK NUMBER
Canceled/invalid ISBN 9781119975083
020 ## - INTERNATIONAL STANDARD BOOK NUMBER
International Standard Book Number 9781119976349 (ebook)
020 ## - INTERNATIONAL STANDARD BOOK NUMBER
International Standard Book Number 9781119976325 (ebook)
020 ## - INTERNATIONAL STANDARD BOOK NUMBER
International Standard Book Number 9781119976332 (ebook)
035 ## - SYSTEM CONTROL NUMBER
System control number (CtWfDGI)bks00045039
035 ## - SYSTEM CONTROL NUMBER
System control number (NNC)9525733
040 ## - CATALOGING SOURCE
Original cataloging agency CtWfDGI
Language of cataloging eng
082 04 - DEWEY DECIMAL CLASSIFICATION NUMBER
Classification number 794.81526
Edition number 22
100 1# - MAIN ENTRY--PERSONAL NAME
Personal name Seidelin, Jacob.
245 10 - TITLE STATEMENT
Title HTML5 games : creating fun with HTML5, CSS3, and webGL
Remainder of title creating fun with HTML5, CSS3, and WebGL
Statement of responsibility, etc. Jacob Seidelin
256 ## - COMPUTER FILE CHARACTERISTICS
Computer file characteristics Computer document.
260 ## - PUBLICATION, DISTRIBUTION, ETC.
Place of publication, distribution, etc. Chichester, West Sussex, U.K. :
Name of publisher, distributor, etc. John Wiley and Sons Ltd,
Date of publication, distribution, etc. 2012
Place of manufacture (Norwood, Mass. :
Manufacturer Books24x7.com [generator])
300 ## - PHYSICAL DESCRIPTION
Extent xv, 427p. :
Dimensions 26 cm
500 ## - GENERAL NOTE
General note Title from title screen.
504 ## - BIBLIOGRAPHY, ETC. NOTE
Bibliography, etc. note Includes bibliographical references and index.
516 ## - TYPE OF COMPUTER FILE OR DATA NOTE
Type of computer file or data note Text.
530 ## - ADDITIONAL PHYSICAL FORM AVAILABLE NOTE
Additional physical form available note Available also in a print ed.
538 ## - SYSTEM DETAILS NOTE
System details note Mode of access: Internet via World Wide Web.
550 ## - ISSUING BODY NOTE
Issuing body note Digitized and made available by: Books24x7.com.
650 #0 - SUBJECT ADDED ENTRY--TOPICAL TERM
Topical term or geographic name entry element Computer games
General subdivision Programming.
650 #0 - SUBJECT ADDED ENTRY--TOPICAL TERM
Topical term or geographic name entry element HTML (Document markup language)
650 #0 - SUBJECT ADDED ENTRY--TOPICAL TERM
Topical term or geographic name entry element Cascading style sheets.
655 #7 - INDEX TERM--GENRE/FORM
Genre/form data or focus term Electronic books.
Source of term lcsh
655 #0 - INDEX TERM--GENRE/FORM
Genre/form data or focus term Electronic books.
710 2# - ADDED ENTRY--CORPORATE NAME
Corporate name or jurisdiction name as entry element Books24x7, Inc.
856 40 - ELECTRONIC LOCATION AND ACCESS
Uniform Resource Identifier <a href="http://www.columbia.edu/cgi-bin/cul/resolve?clio9525733">http://www.columbia.edu/cgi-bin/cul/resolve?clio9525733</a>
Public note Click here for full text.
942 ## - ADDED ENTRY ELEMENTS (KOHA)
Source of classification or shelving scheme
Koha item type Book
Holdings
Withdrawn status Lost status Damaged status Not for loan Collection code Permanent Location Current Location Shelving location Date acquired Source of acquisition Cost, normal purchase price Total Checkouts Total Renewals Full call number Barcode Date last seen Date last checked out Price effective from Koha item type
          Central Library (CL) Central Library (CL) General Stacks 06/26/2013 Multi-Line Books 2899.54 4 3 794.81526 SEI SEECS012591 09/17/2025 07/04/2025 06/26/2013 Book
© 2023 Central Library, National University of Sciences and Technology. All Rights Reserved.